Doce observaciones sobre el documento "El ajuste estructural", de la Cámara de Exportadores de Costa Rica, de junio de 1991 /

Guardado en:
书目详细资料
主要作者: Lizano Fait, Eduardo
格式: Texto
主题:
标签: 添加标签
没有标签, 成为第一个标记此记录!

MARC

LEADER 00000 a a2200000 04500
001 17361
003
040
100 |a Lizano Fait, Eduardo  
245 |a Doce observaciones sobre el documento "El ajuste estructural", de la Cámara de Exportadores de Costa Rica, de junio de 1991 /  |c Eduardo Lizano Fait 
650 |a ESTADO  
650 |a LIBERALIZACION DEL INTERCAMBIO  
650 |a PRODUCCION  
650 |a SECTOR PRIVADO  
650 |a AJUSTE ESTRUCTURAL  
650 |a SECTOR PUBLICO  
773 |g número 98; páginas 45-55  
999 |c 40235  |d 40235